000 00310nam a2200121 a 4500
005 20140414131902.0
008 100920s19uu xx 00 eng d
050 _aFIC
_bF57 1967
100 _aFitzgerald, John
245 _aThe great brain.
260 _aNew York :
_bDell Publishing,
_c1967.
999 _c110690
_d110690